000 00988cam a2200361 4500500
005 20260329005355.0
041 _afre
042 _adc
100 1 0 _aLacroix, Alexandre
_eauthor
245 0 0 _aFrançois Cusset-Nathalie Heinich : désaccords majeurs
260 _c2023.
500 _a67
690 _aCensure
690 _aDialogue
690 _aDiscorde
690 _aDiscrimination
690 _aEngagement
690 _aEssence
690 _aFrançois Cusset
690 _aIdentité
690 _aIntersectionnalité
690 _aKimberlé Crenshaw
690 _aNathalie Heinich
690 _aObjectivité
690 _aOpinion
690 _aParole
690 _aPolitique
690 _aTotalitarisme
690 _aUniversité
690 _awoke
786 0 _nPhilosophie magazine | 170 | 6 | 2023-06-01 | p. 32-33 | 1951-1787
856 4 1 _uhttps://shs.cairn.info/magazine-philosophie-magazine-2023-6-page-32?lang=fr&redirect-ssocas=7080
999 _c1842784
_d1842784